书目信息 |
| 题名: |
东江水 两地情
|
|
| 作者: | 姜海萍, , 张承良, , 邓开颂, 编著 | |
| 分册: | ||
| 出版信息: | 广州 广东教育出版社 2020.01 |
|
| 页数: | 250页, 8页图版 | |
| 开本: | 26cm | |
| 丛书名: | ||
| 单 册: | ||
| 中图分类: | TU991.11 | |
| 科图分类: | ||
| 主题词: | ||
| 电子资源: | ||
| ISBN: | 978-7-5548-3072-7 | |
| 000 | 01700nam0 2200301 450 | |
| 001 | CAL 009902392 | |
| 005 | 20200924142912.5 | |
| 010 | @a978-7-5548-3072-7@dCNY48.00 | |
| 100 | @a20200923d2020 em y0chiy0120 ea | |
| 101 | 0 | @achi |
| 102 | @aCN@b440000 | |
| 105 | @aaf a 000yy | |
| 106 | @ar | |
| 200 | 1 | @a东江水 两地情@Adong jiang shui liang di qing@e内地与香港关系视野中的东江水供香港问题研究@f姜海萍, 张承良, 邓开颂编著 |
| 210 | @a广州@c广东教育出版社@d2020.01 | |
| 215 | @a250页, 8页图版@c图@d26cm | |
| 300 | @a全国港澳研究会委托项目 广东南方软实力研究院 广东省社会科学院委托项目合作项目 | |
| 314 | @a姜海萍 (1966-), 湖北丹江口人, 水文水资源专业博士, 现任珠江水资源保护科学研究所副总工程师。张承良 (1970-), 江西于都人, 文学博士, 现任中共广东省委党委 (广东行政学院) 教授。邓开颂 (1941-), 广东饶平人, 历史学研究员, 现任广东南方软实力研究院名誉院长等职, 著有《粤港关系史》等。 | |
| 320 | @a有书目 (第242-248页) | |
| 330 | @a本书内容分为“东江流域概况”“香港水资源匮乏的困境及其纾解”“东江—深圳供水工程的建设”“同饮东江水, 共护东江水”五章, 从香港经济发展进程中供水系统发展的视角, 客观呈现东江水作为香港最主要的供水水源, 所担负的确保香港经济稳定和社会可持续发展之重任, 以及为维系这一条生命水而默默付出的人们。 | |
| 517 | 1 | @a内地与香港关系视野中的东江水供香港问题研究@Anei di yu xiang gang guan xi shi ye zhong de dong jiang shui gong xiang gang wen ti yan jiu |
| 607 | @a东江@Adong jiang@x供水水源@x研究@y香港 | |
| 690 | @aTU991.11@v5 | |
| 701 | 0 | @a姜海萍,@Ajiang hai ping@f1966-@4编著 |
| 701 | 0 | @a张承良,@Azhang cheng liang@f1970-@4编著 |
| 701 | 0 | @a邓开颂,@Adeng kai song@f1941-@4编著 |
| 801 | 0 | @aCN@b人天书店@c20200923 |
| 905 | @aTSG@b0000221@dTU991.11@eJ514@f2 | |
| 东江水 两地情:内地与香港关系视野中的东江水供香港问题研究/姜海萍, 张承良, 邓开颂编著.-广州:广东教育出版社,2020.01 |
| 250页, 8页图版:图;26cm |
| 全国港澳研究会委托项目 广东南方软实力研究院 广东省社会科学院委托项目合作项目 |
| ISBN 978-7-5548-3072-7:CNY48.00 |
| 本书内容分为“东江流域概况”“香港水资源匮乏的困境及其纾解”“东江—深圳供水工程的建设”“同饮东江水, 共护东江水”五章, 从香港经济发展进程中供水系统发展的视角, 客观呈现东江水作为香港最主要的供水水源, 所担负的确保香港经济稳定和社会可持续发展之重任, 以及为维系这一条生命水而默默付出的人们。 |
| ● |
| 相关链接 |
|
|
|
正题名:东江水 两地情
索取号:TU991.11/J514
 
预约/预借
| 序号 | 登录号 | 条形码 | 馆藏地/架位号 | 状态 | 备注 |
| 1 | 1537372 | 215373726 | 建筑库201/201建筑库 131排1列1层/ [索取号:TU991.11/J514] | 在馆 | |
| 2 | 1537373 | 215373735 | 建筑库201/201建筑库 131排1列1层/ [索取号:TU991.11/J514] | 在馆 |